000 01023cam a2200277 4500
001 26097
003 BD-RjUL
005 20211209050954.0
008 140320s1970 nyuc b 001 0 eng
020 _a0210223383
035 _a(BD-RjUL)26167
040 _aDLC
_cDLC
_dDLC
_beng
041 1 _aengper
082 0 0 _a954.03170924
_bGHD 1970
100 1 _aGhalib, Mirza Asadullah Khan,
_d1797-1869.
_980200
245 1 0 _aDastanbūy :
_ba diary of the Indian revolt of 1857 /
_cby Mirza Asadullah Khan Ghalib. Translated from the Persian with a critical introd., glossary, and notes by Khwaja Ahmad Faruqi.
260 _aNew York :
_bAsia Pub. House,
_c1970.
300 _a96 p. :
_bport. ;
_c22 cm.
504 _aIncludes bibliographical references.
600 1 0 _aGhalib, Mirza Asadullah Khan,
_d1797-1869
_xDiaries.
_980214
651 0 _aDelhi (India)
_xHistory
_ySiege, 1857.
_979312
700 1 _aFārūqī, K̲h̲vājah Aḥmad,
_d1917-
_980202
942 _2ddc
_cBK
999 _c26097
_d26097